000 00835nam a2200217Ia 4500
999 _c35361
_d35361
001 1214
003 GE_BSU
005 20260127202905.0
008 181216s1975||||ge |||||||||||||| ||geo||
040 _cGE_BSU
041 _ageo
080 _a630.252(075.3) მ-30
100 _aმარგველაშვილი, ნ.
_926744
245 _aტყეთმოწყობა :
_b[სახელმძღვ. სატყეო ტექნიკუმებისათვის] /
_cნ. მარგველაშვილი.
264 _aთბილისი :
_bგანათლება,
_c1965.
300 _a238 გვ. :
_bცხრილ. ;
_c21 სმ.
504 _aბიბლიოგრაფია: გვ. 234-235.
541 _h6 ლ.
653 _aტყეთმოწყობა
942 _cBK
_2udc